| 000 | 01010cac a2200313 a 4500 | ||
|---|---|---|---|
| 003 | Co-PeBPM | ||
| 005 | 20250929150137.0 | ||
| 008 | 231129e1998||||ck a||||||||||||| ||spa|| | ||
| 020 | _a9580438757 | ||
| 040 | 0 |
_aCo-PeBPM _bspa _cCo-PeBPM _erda |
|
| 041 | _aspa | ||
| 082 | 0 | 4 |
_a536.73 S587q _222 |
| 100 | 1 |
_aSilvestrini, Vittorio _eautor |
|
| 245 | 1 | 0 |
_aQué es la entropía _c/ Vittorio Silvestrini, traducción J.C Anduckia |
| 250 | _aPrimera edición | ||
| 260 |
_aBogotá, Colombia _b: Norma _c, 1998 |
||
| 300 |
_a141 páginas _b: Ilustraciones a blanco y negro _c; 18 centímetros |
||
| 500 | _aIncluye índice. | ||
| 650 | 1 | 4 |
_aEntropía _2LEMB |
| 650 | 1 | 4 |
_aTermodinámica _2LEMB |
| 650 | 1 | 4 |
_aIngeniería _2LEMB |
| 650 | 1 | 4 |
_aCircuitos eléctricos _2LEMB |
| 650 | 1 | 4 |
_aPredicción sísmica _2LEMB |
| 650 | 1 | 4 |
_aCáncer _2LEMB |
| 650 | 1 | 4 |
_aInvestigaciones _2LEMB |
| 700 |
_aAnduckia, J.C. _eTraducción |
||
| 942 |
_2ddc _cBK |
||
| 999 |
_c23581 _d23581 |
||